000 00420nam a2200169Ia 4500
008 221030s9999 xx 000 0 und d
020 _a1259003884
041 _aEnglish
100 _aJ. Groff
245 0 _aSQL : The Complete Reference
_cby J. Groff, P. Weinberg
250 _a3rd
260 _bMcGraw - Hill Pub.
_aNew Delhi
_c2016
300 _a882
650 _aComputers
700 _aP. Weinberg
942 _cBK
999 _c16838
_d16838